000 nam a22 a 4500
999 _c2582
_d2582
005 20170517113757.0
008 170517b1999 enk||||| |||| 00| 0 eng d
020 _a0751306819
040 _aAKMAL
082 _a616.98 WIL
090 _a616.98
_bWIL
100 _aWilkinson, Greg
_d1951-
_95390
245 _aFamily doctor guide to stress /
_cGreg Wilkinson.
260 _aLondon
_bDorling Kindersley
_c1999.
300 _a96p.
_bcol. ill
_c21cm
500 _aIncludes index
500 _aAt head of cover title: British Medical Association.
599 _aDALAM PROSES
650 _aStress management |v Popular works.
_95391
710 _aBritish Medical Association.
_95252
942 _2ddc
_cBOOK